Detalles MARC
| 000 -CABECERA |
| campo de control de longitud fija |
02579aam a2200373 i 4500 |
| 001 - NÚMERO DE CONTROL |
| campo de control |
56138 |
| 003 - IDENTIFICADOR DEL NÚMERO DE CONTROL |
| campo de control |
CO-MdUADB |
| 005 - FECHA Y HORA DE LA ÚLTIMA TRANSACCIÓN |
| campo de control |
20260422100705.0 |
| 007 - CAMPO FIJO DE DESCRIPCIÓN FÍSICA--INFORMACIÓN GENERAL |
| campo de control de longitud fija |
ta |
| 008 - DATOS DE LONGITUD FIJA--INFORMACIÓN GENERAL |
| campo de control de longitud fija |
960313s1989 ck |||gr|||| 0 0 spa d |
| 020 ## - NÚMERO INTERNACIONAL ESTÁNDAR DEL LIBRO |
| Número Internacional Estándar del Libro |
9586142922 |
| Información calificativa |
ISBN-10 |
| 020 ## - NÚMERO INTERNACIONAL ESTÁNDAR DEL LIBRO |
| Número Internacional Estándar del Libro |
9789586142922 |
| Información calificativa |
ISBN-13 |
| 035 ## - NÚMERO DE CONTROL DEL SISTEMA |
| Número de control de sistema |
56138 |
| 035 ## - NÚMERO DE CONTROL DEL SISTEMA |
| Número de control de sistema |
(OCoLC)733967489 |
| 040 ## - FUENTE DE LA CATALOGACIÓN |
| Centro catalogador/agencia de origen |
CO-MdUADB |
| Lengua de catalogación |
spa |
| Centro/agencia transcriptor |
CO-MdUADB |
| Normas de descripción |
rda |
| 041 0# - CÓDIGO DE LENGUA |
| Código de lengua del texto/banda sonora o título independiente |
spa |
| 082 74 - NÚMERO DE LA CLASIFICACIÓN DECIMAL DEWEY |
| Número de clasificación |
325 |
| 082 74 - NÚMERO DE LA CLASIFICACIÓN DECIMAL DEWEY |
| Número de clasificación |
304 |
| 100 1# - ENTRADA PRINCIPAL--NOMBRE DE PERSONA |
| Nombre de persona |
Castro Caycedo, Germán, |
| Fechas asociadas al nombre |
1940-2021 |
| Término indicativo de función/relación |
Autor/a |
| 9 (RLIN) |
249260 |
| 245 13 - TÍTULO PROPIAMENTE DICHO |
| Título propiamente dicho |
El hueco : |
| Subtítulo o título paralelo |
la entrada ilegal de colombianos a Estados Unidos por México, Bahamas y Haití / |
| Mención de responsabilidad, etc. |
Germán Castro Caycedo |
| 250 ## - MENCIÓN DE EDICIÓN |
| Mención de edición |
8.ª edición ; |
| 250 ## - MENCIÓN DE EDICIÓN |
| Mención de edición |
10ª. edición |
| 264 #1 - PRODUCCIÓN, PUBLICACIÓN, DISTRIBUCIÓN, FABRICACIÓN Y COPYRIGHT |
| Producción, publicación, distribución, fabricación y copyright |
Bogotá : |
| Nombre del de productor, editor, distribuidor, fabricante |
Editorial Planeta Colombiana, |
| Fecha de producción, publicación, distribución, fabricación o copyright |
1990. |
| 264 #4 - PRODUCCIÓN, PUBLICACIÓN, DISTRIBUCIÓN, FABRICACIÓN Y COPYRIGHT |
| Fecha de producción, publicación, distribución, fabricación o copyright |
1989. |
| 300 ## - DESCRIPCIÓN FÍSICA |
| Extensión |
342 páginas |
| 490 1# - ÁREA DE SERIE |
| Mención de serie |
Colección Documento |
| 505 00 - NOTA DE CONTENIDO CON FORMATO |
| Título |
Una silla en La Herradura -- |
| -- |
"Aquí no se las tire de paisa porque lo clavan" -- |
| -- |
El hombre de la calavera -- |
| -- |
Liliana La Dura -- |
| -- |
¿A Colombia? Hombre... ¡Prefiero el Vietnam! -- |
| -- |
"Quiero matar un amarillo" -- |
| -- |
El sonido de la guerra -- |
| -- |
Cita en Tijuana -- |
| -- |
Broadway es una guayaba madura -- |
| -- |
El hueco estaba en Santuario -- |
| -- |
Papá Lindo -- |
| -- |
Ir a México... ¡Es ir a México! -- |
| -- |
Oiga mi coronel... ¿No quiere un pericazo? -- |
| -- |
Los cirujanos -- |
| -- |
La frontera de la carne asada -- |
| -- |
Yo firmo, licenciado. ¡Yo firmo! -- |
| -- |
El Cónsul de La Estrella -- |
| -- |
El perdedor. |
| 520 3# - SUMARIO, ETC. |
| Nota de Sumario, etc. |
..."Para ninguno de los emigrantes colombianos el éxodo ha sido fácil. La mayoría trabaja incansablemente para ahorrar dólares y enviárselo a su familia en Cali, en Pereira o en Medellín, pero muchos sienten que no podrán volver jamás por simple orgullo : han sido incapaces de alcanzar aquel 'Sueño americano' que los atrajo en busca de la riqueza y desde luego, de la respetabilidad que les niega Colombia. Los más antiguos llegaron sin problemas porque hasta hace unos años, cuando la presión no era tan grande podían obtener fácilmente una visa de turismo y gracias a ella ingresaban y se quedaban. Ahora los controles son minuciosos y prácticamente la totalidad ha venido por "el hueco", es decir, en forma clandestina a través de la frontera con México, desde Bahamas en bote o en avión, e incluso algunos por Haití"... (Tomado de la cubierta.) |
| 650 ## - PUNTO DE ACCESO ADICIONAL DE MATERIA--TÉRMINO DE MATERIA |
| Término de materia o nombre geográfico como elemento de entrada |
Estados Unidos |
| 9 (RLIN) |
4702 |
| 650 #7 - PUNTO DE ACCESO ADICIONAL DE MATERIA--TÉRMINO DE MATERIA |
| Término de materia o nombre geográfico como elemento de entrada |
Emigración e inmigración |
| Fuente del encabezamiento o término |
lemb |
| 9 (RLIN) |
9974 |
| 650 ## - PUNTO DE ACCESO ADICIONAL DE MATERIA--TÉRMINO DE MATERIA |
| Término de materia o nombre geográfico como elemento de entrada |
Inmigrantes colombianos en Estados Unidos |
| 9 (RLIN) |
165245 |
| 830 #0 - PUNTO DE ACCESO ADICIONAL DE SERIE-TÍTULO UNIFORME |
| Título uniforme |
Colección Documento (Planeta Colombiana Editorial) |
| 9 (RLIN) |
861699 |
| 942 ## - ELEMENTOS DE ENTRADA AGREGADA (KOHA) |
| Tipo de ítem Koha |
Libros |
| Fuente del sistema de clasificación o colocación |
Clasificación Decimal Dewey |